| 000 | 00484nab a22001457 4500 | ||
|---|---|---|---|
| 003 | ES-SlBCS | ||
| 005 | 20220413170045.0 | ||
| 008 | 190108s2018 cau||||| |||| 00| 0 eng d | ||
| 040 |
_aES-SlBCS _bspa |
||
| 041 | _aeng | ||
| 100 | 1 |
_aReimer-Barry, Emily _982846 |
|
| 245 | 1 | 0 |
_aOn Women's Health and Women's Power: A Feminist Appraisal of Humanae Vitae _cEmily Reimer-Barry |
| 773 | 0 |
_gVol. 79, fasc. 4, 2018, págs. 818-840 _tTheological Studies _wRev483 _x0040-5639 |
|
| 942 |
_2lcc _cAR |
||
| 999 |
_c477711 _d477711 |
||